01296 2200193 4500245006000000020002200060250001100082100001500093700001700108700001900125650004300144005001900187260004800206041001400254084000800268300002700276500079000303336000901093 aTrisurya b : The Three-Body ProblemcCixin, LiuhText a978-602-481-133-4 aCet. 4 aCixin, Liu aOni Suryaman aAndya Primanda aNovel Inggris (dalam Bahasa Indonesia) a20250305081043 aJakartabKepustakaan Populer Gramediac2019 aIndonesia a823 avi, 471 hlm. :c21 cm. aRevolusi kebudayaan Tiongkok memakan banyak korban, termasuk prfesor fisika ayah mahasiswi Ye Wenjie. Ye lantas terseret prahara zaman sampai akhirnya terlibat proyek rahasia pemerintah di Pangkalan Pantai Merah. Di tengah kepahitan hidup, Ye lantas mendapatkan sarana untuk mendengar dan berteriak ke antariksa. Lebih daripada empat puluh tahun kemudian, karya Ye terhubung dengan sejumlah kasus bunuh diri ahli fisika, dan game rumit yang menantang permainannya dengan masalah fisika klasik yang belum menjawab. Peneliti nanomaterial Wang Miao membantu aparat dalam penyeledikan kasus-kasus bunuh diri dan kaitannya dengan game itu. Namun Wang mendapati pihak berwenang yang meminta bantuannya sedangan sangat ketakutan seolah menghadapi ancaman terbesar terhadap nasib umat manusia. atext